Arabian niemimaan valtiot - Statistics

Yleistilastot
  • Tätä visaa on pelattu 19 kertaa
  • Keskiarvotulos 8 / 9
Vastaustilastot
Valtio % Oikein
Oman
100%
Saudi-Arabia
100%
Jemen
94%
Qatar
94%
Irak
89%
Yhdistyneet Arabiemiraatit
89%
Jordania
83%
Kuwait
83%
Bahrain
78%
Ehtoja vastaavia visoja ei löytynyt
Tulosjakauma
Jokaisen tuloksen saaneiden osuus
Persentiili vastausten määrän mukaan
Tuloshistoriasi
Et ole pelannut tätä visaa